Medio ambiente para los europeos /
Guardado en:
| Autor Principal: | |
|---|---|
| Formato: | Libro |
| Publicado: |
Luxemburgo :
Oficina de Publicaciones Oficiales de la Comunidad Europea, 0
|
| Materias: | |
| Etiquetas: |
Agregar Etiqueta
Sin Etiquetas, Sea el primero en etiquetar este registro!
|
| LEADER | 00799nam a22002295a 4500 | ||
|---|---|---|---|
| 001 | CEM.cems011290 | ||
| 005 | 20060214000000.0 | ||
| 008 | 130507b######################000#0#####d | ||
| 003 | CEMS | ||
| 082 | 0 | 4 | |a F574.5 |
| 100 | 1 | |a Fina, Rosa Coord. | |
| 245 | 1 | 0 | |a Medio ambiente para los europeos / |
| 260 | |a Luxemburgo : |b Oficina de Publicaciones Oficiales de la Comunidad Europea, 0 | ||
| 653 | |a Ecologia | ||
| 653 | |a Fc | ||
| 653 | |a Medio ambiente | ||
| 653 | |a Comunidad economica europea | ||
| 653 | |a Cambio climatico | ||
| 859 | |a CEMS |b BIB. CEMS - 11 de abril |h F574.5 |i 31 |p 1930.44 |t Ej.1 | ||
| 859 | |a CEMS |b BIB. CEMS - 11 de abril |h F574.5 |i 31 |p 1931.44 |t Ej.2 | ||
| 859 | |a CEMS |b BIB. CEMS - 11 de abril |h F574.5 |i 31 |p 1932.44 |t Ej.3 | ||
| 859 | |a CEMS |b BIB. CEMS - 11 de abril |h F574.5 |i 31 |p 1935.44 |t Ej.4 | ||
